000 01207nam a2200313 i 4500
001 14866
003 ES-MaACL
005 20230906150923.0
007 t|
008 990623s1998 sp f d |||| | spa d
020 _a84-206-5256-3
080 _a008(4)"17"(038)
080 _a930.85(4)"17"(038)
245 0 0 _aDiccionario histórico de la Ilustración /
_cVincenzo Ferrone, Daniel Roche (eds.) ; con la colaboración de G. Abbattista ... [et al.] ; orientaciones bibliográficas, Antonio Trampus ; búsqueda iconográfica, Manuela Fugenzi ; versión española de José Luis Gil Aristu.
260 _aMadrid :
_bAlianza Editorial,
_c[1998]
300 _a551 p., [32] p. de lám. ;
_c24 cm.
490 1 _aAlianza diccionarios
650 1 4 _aIlustración-
_vDiccionarios.
_913584
651 4 _aEuropa-
_xCivilización-
_yS.XVIII-
_vDiccionarios.
_98591
700 1 _aFerrone, Vincenzo.
_950601
700 1 _aRoche, Daniel.
_998059
700 0 _aAbbattista, Guido,
_918001
700 1 _aTrampus, Antonio.
_9111219
700 1 _aFugenzi, Manuela.
_952980
700 1 _aGil Aristu, José Luis.
_956766
830 0 _aAlianza diccionarios
_9177801
852 _aES-MaACL
_jL-22074
999 _c14866
_d14866